000 00586nam a22001937i 4500
999 _c23536
_d23536
003 AR-CdUCM
008 260227b20232023 pe||||| |||| 00| 0 spa d
020 _a978-612-49004-4-0
040 _aMUNICIPALIDAD PROVINCIAL DEL CUSCO
_cBIBLIOTECA MUNICIPAL DEL CUSCO
041 _hspa
082 _aEP / 869.57
_bA3256H
100 _aAguilar Soto, Ivett
_952365
245 _a¡Hola, soy Frijolito!
260 _aPiura-Perú:
_bEditorial Cortarrama S.R.L.
_c2023
300 _a29 páginas. :
_c24x17 cm.
505 _aHola soy Frijolito
942 _2ddc
_cLIBROS
945 _apbjr
_d27-02-2026